000 00501nam a2200157 a 4500
001 000045050
005 20201002045833.0
008 150130s2003 dr a 000 0 spa d
040 _aDO-SdBNP
_bspa
_cBNPHU
245 0 0 _aCreo 7 :
_blibro de formación integral, humana y religiosa.
246 1 _aReligión
260 _aSanto Domingo :
_bSusaeta,
_c2003.
300 _a152 p. :
_bil. ;
_c28 cm.
500 _aGrado septimo de educación básica
500 _aLibro de religión para la educacion básica.
999 _c44539
_d44539